Österreichische Bundeskanzler und Präsidenten - Statistiken

Allgemein
  • Dieses Quiz wurde 421 mal gespielt
  • Das Durchschnittsergebnis liegt bei 20 aus 46
Antwortstatistiken
Jahr Antwort % Korrekt
2017 - 2019 Sebastian Kurz
96%
2020 - Sebastian Kurz
96%
2017 - Alexander Van der Bellen
89%
2016 - 2017 Christian Kern
80%
2004 - 2016 Heinz Fischer
80%
2019 - 2020 Brigitte Bierlein
79%
1970 - 1983 Bruno Kreisky
76%
2008 - 2016 Werner Faymann
72%
1945 - 1953 Leopold Figl
70%
1945 - 1950 Karl Renner
68%
1918 - 1920 Karl Renner
68%
1945 - 1945 Karl Renner
68%
2000 - 2007 Wolfgang Schüssel
68%
2007 - 2008 Alfred Gusenbauer
65%
1986 - 1992 Kurt Waldheim
61%
1986 - 1997 Franz Vranitzky
59%
1997 - 2000 Viktor Klima
58%
1992 - 2004 Thomas Klestil
51%
1932 - 1934 Engelbert Dollfuß
50%
1983 - 1986 Fred Sinowatz
50%
1934 - 1938 Kurt Schuschnigg
48%
1953 - 1961 Julius Raab
45%
1974 - 1986 Rudolf Kirchschläger
43%
2016 - 2016 Reinhold Mitterlehner
39%
1961 - 1964 Alfons Gorbach
37%
1965 - 1974 Franz Jonas
37%
1964 - 1970 Josef Klaus
37%
1951 - 1957 Theodor Körner
36%
1957 - 1965 Adolf Schärf
34%
1938 - 1938 Arthur Seyß-Inquart
32%
2019 - 2019 Hartwig Löger
26%
1928 - 1938 Wilhelm Miklas
21%
1922 - 1924 Ignaz Seipel
19%
1926 - 1929 Ignaz Seipel
19%
1919 - 1920 Karl Seitz
17%
1921 - 1922 Johann Schober
16%
1922 - 1922 Johann Schober
16%
1929 - 1930 Johann Schober
16%
1920 - 1928 Michael Hainisch
16%
1920 - 1921 Michael Mayr
15%
1922 - 1922 Walter Breisky
13%
1931 - 1932 Karl Buresch
12%
1929 - 1929 Ernst Streeruwitz
11%
1924 - 1926 Rudolf Ramek
11%
1930 - 1930 Carl Vaugoin
10%
1930 - 1931 Otto Ender
10%
Keine übereinstimmenden Quizze gefunden
Verteilung der Resultate
Anzahl Personen mit jedem Resultat
Perzentil nach korrekt beantworteten Fragen
Ihre Resultats-Entwicklung
Sie haben dieses Quiz noch nicht gespielt